Manažment v rodinnom podniku

Dôležitosť riadenia ako jednej z najdôležitejších ekonomických činností. Rodinné podnikanie, a jeho výhody a nevýhody. Dotazníkový prieskum o rodinnom podnikaní, silné a slabé stránky rodinných podnikov a otázky dedenia a rozvoja rodinného podnikania.

Na minha lista:
Detalhes bibliográficos
Autor principal: Dorčáková, Ingrid, 1978-
Outros Autores: Novysedlák, Martin, 1991-
Formato: Capítulo de Livro
Idioma:eslovaco
Assuntos:
Tags: Adicionar Tag
Sem tags, seja o primeiro a adicionar uma tag!

MARC

LEADER 00000naa$a2200000$$$4500
001 0249980
005 20240502074013.0
041 0 |a slo 
044 |a SK 
245 1 0 |a Manažment v rodinnom podniku  |c Ingrid Dorčáková, Martin Novysedlák 
520 |a Dôležitosť riadenia ako jednej z najdôležitejších ekonomických činností. Rodinné podnikanie, a jeho výhody a nevýhody. Dotazníkový prieskum o rodinnom podnikaní, silné a slabé stránky rodinných podnikov a otázky dedenia a rozvoja rodinného podnikania. 
610 2 0 |a podnikanie drobné 
610 2 0 |a podnikanie rodinné 
610 2 0 |a podnik rodinný 
610 2 0 |a manažment 
610 2 0 |a riadenie podnikové 
100 1 |a Dorčáková, Ingrid, 1978- 
700 1 |a Novysedlák, Martin, 1991-